<?xml version="1.0" encoding="UTF-8"?>
<collection xmlns="http://www.loc.gov/MARC21/slim">
 <record>
  <leader>01056pam a22002418a 4500</leader>
  <controlfield tag="001">00023449</controlfield>
  <controlfield tag="005">20171026081022.0</controlfield>
  <controlfield tag="008">110623s1978                  ||||||Viesd</controlfield>
  <datafield tag="041" ind1="0" ind2="#">
   <subfield code="a">Vie</subfield>
  </datafield>
  <datafield tag="082" ind1="1" ind2="#">
   <subfield code="a">515</subfield>
   <subfield code="b">PH206T</subfield>
  </datafield>
  <datafield tag="100" ind1="0" ind2="#">
   <subfield code="a">Stefan banac</subfield>
  </datafield>
  <datafield tag="245" ind1="0" ind2="0">
   <subfield code="a">Phép tính vi phân và tích phân</subfield>
   <subfield code="b">Sách dùng cho các trường Cao đẳng Sư phạm</subfield>
   <subfield code="c">Sefan Banac</subfield>
   <subfield code="n">T.1</subfield>
  </datafield>
  <datafield tag="260" ind1="#" ind2="#">
   <subfield code="a">TP.Hồ Chí Minh</subfield>
   <subfield code="b">Giáo Dục</subfield>
   <subfield code="c">1978</subfield>
  </datafield>
  <datafield tag="300" ind1="#" ind2="#">
   <subfield code="a">279tr.</subfield>
   <subfield code="c">21cm</subfield>
  </datafield>
  <datafield tag="650" ind1=" " ind2=" ">
   <subfield code="a">Phép tính vi phân</subfield>
  </datafield>
  <datafield tag="650" ind1=" " ind2=" ">
   <subfield code="a">phép tính tích phân</subfield>
  </datafield>
  <datafield tag="653" ind1="#" ind2="#">
   <subfield code="a">Giáo trình</subfield>
  </datafield>
  <datafield tag="852" ind1="#" ind2="#">
   <subfield code="b">Kho giáo trình</subfield>
   <subfield code="j">KGT.0003683, KGT.0003684, KGT.0003685, KGT.0003686, KGT.0003687, KGT.0003688, KGT.0003689, KGT.0003690, KGT.0003691</subfield>
  </datafield>
  <datafield tag="852" ind1="#" ind2="#">
   <subfield code="b">Kho mượn</subfield>
   <subfield code="j">KGT.0003683</subfield>
  </datafield>
  <datafield tag="852" ind1="#" ind2="#">
   <subfield code="b">Kho đọc</subfield>
   <subfield code="j">KD.0006790</subfield>
  </datafield>
  <datafield tag="852" ind1="#" ind2="#">
   <subfield code="j">KGT.0003685</subfield>
   <subfield code="j">KGT.0003686</subfield>
   <subfield code="j">KGT.0003688</subfield>
   <subfield code="j">KGT.0003689</subfield>
   <subfield code="j">KGT.0003683</subfield>
   <subfield code="j">KGT.0003691</subfield>
   <subfield code="j">KGT.0003684</subfield>
   <subfield code="j">KGT.0003687</subfield>
   <subfield code="j">KGT.0003690</subfield>
  </datafield>
  <datafield tag="910" ind1="#" ind2="#">
   <subfield code="a">Hiếu</subfield>
   <subfield code="d">23/06/2011</subfield>
  </datafield>
  <datafield tag="980" ind1="#" ind2="#">
   <subfield code="a">Trung tâm Học liệu Lê Vũ Hùng, Trường Đại học Đồng Tháp</subfield>
  </datafield>
 </record>
</collection>
